| 000 | 00557nam a2200193 4500 | ||
|---|---|---|---|
| 001 | 8128 | ||
| 005 | 20230410115556.0 | ||
| 008 | 060907n1999 dr spa | ||
| 020 | _a1583220356 | ||
| 035 | _9funglode8195 | ||
| 041 | _aEN | ||
| 050 | 1 | 4 | _aHF 1385 W195w 1999 |
| 100 | _aWallach, Lori | ||
| 245 | 1 | 4 |
_aThe WTO : _bfive years of reasons to resist corporate globalization / _cLori Wallach y Michelle Sforza |
| 260 |
_aNew York : _bSeven Stories Press, _c1999 |
||
| 300 | _aviii, 80 p. | ||
| 700 | _aSforza, Michelle | ||
| 942 |
_2lcc _cbk |
||
| 999 |
_c43904 _d43904 |
||